000 00720nam a2200241Ia 4500
005 20260121112810.0
008 8886 260114s9999 xx 000 0 eng d
020 _a9789812777751
037 _aEBOOK
040 _aCRL
_beng
_cCRL
041 _aeng
_2eng
084 _qCRL
100 _aGil-Medrano Olga & Miquel Vicente
_9963395
245 0 _aDifferential Geometry, Valencia 2001 - Procs of the Intl Conf Held to Honour the 60Th Birthday of a M Naveira
260 _bWorld Scientific
260 _bWSPC
260 _c2002
650 _aMathematics
_9963396
856 _uhttps://www.worldscientific.com/worldscibooks/10.1142/4922#t=toc
942 _cEBOOK
999 _c1546186
_d1546186